Normal view
MARC view
Entry Topical Term
001 - CONTROL NUMBER
- control field: 25569
003 - CONTROL NUMBER IDENTIFIER
- control field: OSt
005 - DATE AND TIME OF LATEST TRANSACTION
- control field: 20260519152128.0
008 - FIXED-LENGTH DATA ELEMENTS
- fixed length control field: 260519|| aca||aabn | a|a d
040 ## - CATALOGING SOURCE
- Original cataloging agency: OSt
- Transcribing agency: OSt
150 ## - HEADING--TOPICAL TERM
- Topical term or geographic name entry element: Leonardo, Da Vinci, 1452-1519-Juvenile Literature
670 ## - SOURCE DATA FOUND
- Source citation: Work cat.: (OSt)22520: Zollner, Frank 25568, Leonardo Da Vinci 1452-1519, 2001
